000 00311nam a2200133Ia 4500
008 230917s9999||||xx |||||||||||||| ||und||
040 _e118585
_aMAIN
041 _aEnglish
082 _a574.1929 B52B
245 0 _aBiosynthesis
260 _aLondon
_bChapman & Hall
_c1992
300 _a226p. p.
942 _cBK
999 _c108524
_d108524